000 00772nam a2200253Ia 4500
003 OSt
005 20220923214931.0
006 a|||||r|||| 00| 0
007 ta
008 220922b |||||||| |||| 00| 0 hin d
024 _a173,948
037 _cTextual
040 _aARTS
_cARTS
_bhin
041 _2hin
_ahin
082 _aO152,2N165,IL, M9
100 _aश्रोगिय, प्रभाकर
245 0 _aइला
246 _aIlā
260 _aदिल्ली
_b प्रवीण प्रकाशन
_c1996
300 _a126 पृ.
_ccm.
650 _aहिन्दी साहित्य
_9156264
942 _hO152,2N165,IL, M9
_cTEXL
_2CC
999 _c327767
_d327767